| 000 | 00369 a2200169 4500 | ||
|---|---|---|---|
| 001 | 192143 | ||
| 020 | _a978-85-329-0776-9 | ||
| 040 | _cMagnum | ||
| 100 | _aVeneza, Maurício | ||
| 240 | 1 | 0 |
_aEntre magos e cavaleiros _lpor |
| 245 | 1 | 0 | _aEntre magos e cavaleiros |
| 300 | _a128 | ||
| 362 | 0 | _a2013 | |
| 440 | 1 | _aLê | |
| 697 | _aLITERATURA JUVENIL | ||
| 942 | _cBK | ||
| 999 |
_c192143 _d192143 |
||